| 000 | 00639nam a2200229 a 4500 | ||
|---|---|---|---|
| 001 | 000018664 | ||
| 003 | DO-SdBNP | ||
| 005 | 20260120073950.0 | ||
| 008 | 100512s19-- ag 000 0 spa d | ||
| 040 |
_aDO-SdBNP _bspa _cBNPHU |
||
| 082 | _bP436o | ||
| 100 | 1 |
_aPereira Alves, A., _940315 |
|
| 245 | 1 | 0 |
_aOcios de un anciano / _cA. Pereira Alve. |
| 260 |
_aTexas, Estados Unidos : _bVerdad, _c19--? |
||
| 300 |
_a142 p. ; _c17 cm. |
||
| 490 | 1 | _aVida cristiana | |
| 650 | 0 |
_aVida cristiana _9668 |
|
| 650 | 0 |
_aVida espiritual _9268 |
|
| 650 | 4 |
_aFormación cristiana _940316 |
|
| 830 | 0 |
_aVida cristiana. _940317 |
|
| 942 |
_2ddc _cLBS1 |
||
| 999 |
_c18184 _d18184 |
||